| 000 | 01209nam a2200325 i 4500 | ||
|---|---|---|---|
| 001 | 768714001 | ||
| 003 | CO-MdFUSB | ||
| 005 | 20260317165250.0 | ||
| 007 | ta | ||
| 008 | 241008t2002 -uso|||| |||| 001 0 spa d | ||
| 020 | _a0-88113-674-3 | ||
| 040 |
_bspa. _aCO-MdFUSB _cCO-MdFUSB _dCO-MdFUSBC _erda |
||
| 041 | _aspa | ||
| 082 |
_223 _a248.4 _bY89 |
||
| 100 |
_aYrion, Josué _eautor |
||
| 245 | 3 |
_aEl poder de la palabra de Dios _c/ Josué Yrión |
|
| 264 | 1 |
_aNashville, Florida : _bBetania, _c[2002] |
|
| 264 | 4 | _c©2002 | |
| 300 |
_a207 páginas _b: fotografías a blanco y negro _c; 21 cm |
||
| 336 |
_2rdacontent _atexto _btxt |
||
| 337 |
_2rdamedia _asin mediación _bn |
||
| 338 |
_2rdacarrier _avolumen _bnc |
||
| 500 | _aIncluye índice | ||
| 505 | _aLa fuente eterna de Dios. -- El poder de la Palabra de Dios. -- ¿Qué es la Biblia para nuestro corazón? -- Escrita con un propósito. -- Un mandato para el pueblo de Dios. -- La Biblia nos exhorta a través de sus palabras. -- Los impíos, los salvos y su relación con la Palabra. | ||
| 563 | _aRústica | ||
| 650 | 0 |
_aVida cristiana _919 |
|
| 650 | 7 |
_aEducación cristiana _9349 |
|
| 942 | _cBK | ||
| 945 | _aCatherine Arias Alvarez | ||
| 999 |
_c71048 _d71048 |
||